Twelve sermons on backsliding. (Record no. 13070)

000 -LEADER
fixed length control field 00683nam a2200193 a 4500
001 - CONTROL NUMBER
control field :::00010888$&:&@@
003 - CONTROL NUMBER IDENTIFIER
control field OkBaRHE
005 - DATE AND TIME OF LATEST TRANSACTION
control field 20000607103403.0
008 - FIXED-LENGTH DATA ELEMENTS--GENERAL INFORMATION
fixed length control field s1979 j 000 0 eng u
040 ## - CATALOGING SOURCE
Transcribing agency
100 1# - MAIN ENTRY--PERSONAL NAME
Personal name Spurgeon, Charles Haddon, 1834-1892.
245 10 - TITLE STATEMENT
Title Twelve sermons on backsliding.
260 ## - PUBLICATION, DISTRIBUTION, ETC. (IMPRINT)
Place of publication, distribution, etc Grand Rapids, MI., :
Name of publisher, distributor, etc Baker Book House
Date of publication, distribution, etc 1979
300 ## - PHYSICAL DESCRIPTION
Extent 148 p. ;
Dimensions 19 cm.
650 ## - SUBJECT ADDED ENTRY--TOPICAL TERM
Topical term or geographic name as entry element Spiritual Life
General subdivision Sermons
942 ## - ADDED ENTRY ELEMENTS (KOHA)
Source of classification or shelving scheme
Koha item type Books
Copies
Lost status Barcode Copy number Koha item type Date last seen Price effective from Shelving location Damaged status Not for loan Withdrawn status Permanent Location Date acquired Source of classification or shelving scheme Full call number
 108881Books2010-04-142010-04-14General Stacks   RHEMA Bible Training College2010-04-14 BV 4501.2 .S763
 151282Books2010-04-142010-04-14General Stacks   RHEMA Bible Training College2010-04-14 BV 4501.2 .S763